The district gazetter of Jharkhand (Record no. 408119)

000 -LEADER
fixed length control field 00322cam a22001217a 4500
008 - FIXED-LENGTH DATA ELEMENTS--GENERAL INFORMATION
fixed length control field 180718b xxu||||| |||| 00| 0 eng d
082 ## - DEWEY DECIMAL CLASSIFICATION NUMBER
Classification number A75 B469
100 ## - MAIN ENTRY--PERSONAL NAME
Personal name Bhatt,S.C.
245 ## - TITLE STATEMENT
Title The district gazetter of Jharkhand
Statement of responsibility, etc. S.C. Bhatt
260 ## - PUBLICATION, DISTRIBUTION, ETC.
Place of publication, distribution, etc. New Dehli
Name of publisher, distributor, etc. Gyan
Date of publication, distribution, etc.
300 ## - PHYSICAL DESCRIPTION
Extent 331p
650 ## - SUBJECT ADDED ENTRY--TOPICAL TERM
Topical term or geographic name entry element Jharkhand (India) - Gazetteers
Holdings
Withdrawn status Lost status Damaged status Not for loan Permanent Location Current Location Date acquired Full call number Barcode Date last seen Price effective from Koha item type
        Indian Institute of Public Administration Indian Institute of Public Administration 2008-12-16 A75 B469 DA6215 2018-07-21 2018-07-21 DA

Powered by Koha